[Event "Mecklenburg VP LL2 Ost 1819"]
[Site "Mecklenburg VP"]
[Date "2019.02.24"]
[Round "6.6"]
[White "Elsken Sicard, Fabian"]
[Black "Ehmann, Roland"]
[Result "0-1"]
[WhiteElo "1511"]
[BlackElo "1632"]
[PlyCount "86"]
[EventDate "2018.10.21"]
[EventType "team-tourn"]
[EventRounds "9"]
[EventCountry "GER"]
[SourceTitle "EXT 2022"]
[Source "ChessBase"]
[SourceDate "2021.10.06"]
[SourceVersion "1"]
[SourceVersionDate "2021.10.06"]
[SourceQuality "1"]
[WhiteTeam "Rostock Makkabi"]
[BlackTeam "Waterkant Saal SV"]
[WhiteTeamCountry "GER"]
[BlackTeamCountry "GER"]

1. c4 e5 2. Nc3 Bc5 3. e3 Nc6 4. a3 a6 5. b4 Ba7 6. Bb2 d6 7. Qc2 Nf6 8. Nf3 0-0 9. Bd3 h6 10. h3 Be6 11. g4 Nd7 12. g5 hxg5 13. 0-0-0 f5 14. Rdg1 e4 15. Bxe4 fxe4 16. Qxe4 Nce5 17. Nxg5 Nf6 18. Qg2 Nd3+ 19. Kc2 Bxc4 20. Nh7 Rf7 21. Nxf6+ Qxf6 22. Ba1 Ne5 23. f4 Bd3+ 24. Kd1 Nc6 25. Qd5 Qf5 26. Qa2 Kh7 27. Rg5 Qd7 28. Qd5 Bf5 29. Qf3 Qe6 30. e4 Qb3+ 31. Ke1 Re8 32. Qh5+ Kg8 33. Rxf5 Rfe7 34. Rg5 Rxe4+ 35. Nxe4 Qb1+ 36. Ke2 Rxe4+ 37. Kf3 Qxh1+ 38. Rg2 Qd1+ 39. Kxe4 Qxh5 40. Rxg7+ Kf8 41. Rxc7 d5+ 42. Kd3 Qf5+ 43. Ke2 Qxf4 0-1

[Event "Mecklenburg VP LL2 Ost 1718"]
[Site "Mecklenburg VP"]
[Date "2018.02.25"]
[Round "6.7"]
[White "Gorlt, Guenter"]
[Black "Ehmann, Roland"]
[Result "0-1"]
[WhiteElo "1382"]
[BlackElo "1599"]
[PlyCount "54"]
[EventDate "2017.10.08"]
[EventType "team-tourn"]
[EventRounds "9"]
[EventCountry "GER"]
[SourceTitle "EXT 2022"]
[Source "ChessBase"]
[SourceDate "2021.10.06"]
[SourceVersion "1"]
[SourceVersionDate "2021.10.06"]
[SourceQuality "1"]
[WhiteTeam "Binz Therme Ruegen"]
[BlackTeam "Waterkant Saal SV"]
[WhiteTeamCountry "GER"]
[BlackTeamCountry "GER"]

1. d4 d5 2. c4 c6 3. Nf3 e6 4. Nc3 f5 5. Bf4 Nf6 6. e3 Bd6 7. Be5 0-0 8. cxd5 exd5 9. Bd3 Ne4 10. Qc2 Bxe5 11. Nxe5 Nd7 12. Nxd7 Bxd7 13. 0-0-0 Qg5 14. g3 b5 15. h4 Qh6 16. Qe2 a5 17. Bxe4 fxe4 18. Rdf1 Rf3 19. Rh2 Bg4 20. Qc2 Raf8 21. Nb1 Rxe3 22. Qd2 Rxg3 23. Qxh6 gxh6 24. Nd2 Rh3 25. Rg2 h5 26. Nb3 a4 27. Nc5 Kh8 0-1

[Event "Mecklenburg VP LL2 Ost 1718"]
[Site "Mecklenburg VP"]
[Date "2017.11.12"]
[Round "2.7"]
[White "Klinger, Clemens"]
[Black "Ehmann, Roland"]
[Result "1/2-1/2"]
[WhiteElo "1582"]
[BlackElo "1599"]
[PlyCount "44"]
[EventDate "2017.10.08"]
[EventType "team-tourn"]
[EventRounds "9"]
[EventCountry "GER"]
[SourceTitle "EXT 2022"]
[Source "ChessBase"]
[SourceDate "2021.10.06"]
[SourceVersion "1"]
[SourceVersionDate "2021.10.06"]
[SourceQuality "1"]
[WhiteTeam "Stralsund FHSG II"]
[BlackTeam "Waterkant Saal SV"]
[WhiteTeamCountry "GER"]
[BlackTeamCountry "GER"]

1. e4 e5 2. Nf3 Nf6 3. Nc3 d6 4. h3 Be7 5. Bc4 h6 6. 0-0 Nc6 7. d4 exd4 8. Nxd4 Ne5 9. Bb3 c5 10. Nf3 Be6 11. Bxe6 fxe6 12. Nxe5 dxe5 13. Qe2 a6 14. Be3 Qc7 15. a4 0-0 16. Qc4 Qc6 17. f3 Rad8 18. Rfd1 Nh5 19. a5 Nf4 20. Na4 Rc8 21. Nb6 Rcd8 22. Na4 Rc8 1/2-1/2

[Event "Mecklenburg VP LL2 Ost 1617"]
[Site "Mecklenburg VP"]
[Date "2017.04.23"]
[Round "9.6"]
[White "Ehmann, Roland"]
[Black "Hertel Mach, Frank"]
[Result "1/2-1/2"]
[WhiteElo "1540"]
[BlackElo "1807"]
[PlyCount "121"]
[EventDate "2016.10.16"]
[EventType "team-tourn"]
[EventRounds "9"]
[EventCountry "GER"]
[SourceTitle "EXT 2022"]
[Source "ChessBase"]
[SourceDate "2021.10.06"]
[SourceVersion "1"]
[SourceVersionDate "2021.10.06"]
[SourceQuality "1"]
[WhiteTeam "Waterkant Saal SV"]
[BlackTeam "Waren Malchow"]
[WhiteTeamCountry "GER"]
[BlackTeamCountry "GER"]

1. d4 Nf6 2. Nf3 d5 3. g3 c6 4. Bg2 Bf5 5. Nbd2 Nbd7 6. c3 Qc7 7. 0-0 h6 8. Nh4 Bh7 9. f4 Ne4 10. Nhf3 f6 11. Qb3 0-0-0 12. a4 e5 13. fxe5 fxe5 14. Bh3 exd4 15. Nxe4 Bxe4 16. Nxd4 Bc5 17. Rf7 g5 18. e3 Bxd4 19. exd4 Qd6 20. Be3 Bg6 21. Rf2 Rhe8 22. Bd2 Kb8 23. a5 Nf6 24. Bf5 Bxf5 25. Rxf5 Re2 26. Raf1 Rxd2 27. Rxf6 Qe7 28. R1f2 Rxf2 29. Rxf2 h5 30. Qd1 h4 31. Qe2 Qd6 32. Qe5 hxg3 33. hxg3 Qxe5 34. dxe5 Kc7 35. g4 Rd7 36. Rf5 Rg7 37. Rf6 Kd7 38. Kf2 Ke7 39. Ke3 Kd7 40. c4 dxc4 41. Kd4 b5 42. axb6 axb6 43. Kxc4 Kc7 44. e6 Re7 45. Rg6 Kd6 46. Rxg5 Rxe6 47. Rg8 Ke5 48. Rb8 Kd6 49. Rxb6 Re4+ 50. Kc3 Rxg4 51. Rb8 Kd5 52. Rd8+ Kc5 53. Rb8 Rg3+ 54. Kc2 Kc4 55. Rf8 Rg2+ 56. Kc1 c5 57. Rf3 Kb4 58. Rf7 c4 59. Rb7+ Ka4 60. Ra7+ Kb3 61. Rb7+ 1/2-1/2

[Event "Mecklenburg VP LL2 Ost 1617"]
[Site "Mecklenburg VP"]
[Date "2017.03.19"]
[Round "7.6"]
[White "Hasenberg, Harald"]
[Black "Ehmann, Roland"]
[Result "0-1"]
[WhiteElo "1558"]
[BlackElo "1540"]
[PlyCount "82"]
[EventDate "2016.10.16"]
[EventType "team-tourn"]
[EventRounds "9"]
[EventCountry "GER"]
[SourceTitle "EXT 2022"]
[Source "ChessBase"]
[SourceDate "2021.10.06"]
[SourceVersion "1"]
[SourceVersionDate "2021.10.06"]
[SourceQuality "1"]
[WhiteTeam "Rostock SSC 07 III"]
[BlackTeam "Waterkant Saal SV"]
[WhiteTeamCountry "GER"]
[BlackTeamCountry "GER"]

1. d4 d5 2. c4 e6 3. g3 c6 4. Bg2 f5 5. Nf3 Nf6 6. Nbd2 Bd6 7. Ne5 Nbd7 8. Ndf3 0-0 9. 0-0 Ne4 10. Nxd7 Bxd7 11. c5 Bc7 12. b4 Qf6 13. e3 a5 14. Qb3 axb4 15. Qxb4 Rfb8 16. Ne5 Bxe5 17. dxe5 Qxe5 18. Bb2 Qc7 19. f3 Nf6 20. Qh4 Qd8 21. Be5 Rc8 22. Rfb1 Ra7 23. Rb2 Rca8 24. Rab1 Bc8 25. Rb4 Qf8 26. Qg5 h6 27. Qh4 Nd7 28. Bd6 Qf6 29. Qh3 e5 30. g4 fxg4 31. fxg4 Rxa2 32. Rf1 Qg5 33. Qg3 Re2 34. Rb3 Raa2 35. Bh3 e4 36. Rf5 Qg6 37. Rb1 Nf6 38. Rbf1 Bxf5 39. Rxf5 Ra1+ 40. Rf1 Rxf1+ 41. Kxf1 Ra2 0-1

[Event "Mecklenburg VP LL2 Ost 1516"]
[Site "Mecklenburg VP"]
[Date "2016.04.10"]
[Round "8.6"]
[White "Ehmann, Roland"]
[Black "Fiss, Daniel"]
[Result "0-1"]
[WhiteElo "1554"]
[BlackElo "1681"]
[PlyCount "82"]
[EventDate "2015.09.20"]
[EventType "team-tourn"]
[EventRounds "9"]
[EventCountry "GER"]
[SourceTitle "EXT 2022"]
[Source "ChessBase"]
[SourceDate "2021.10.06"]
[SourceVersion "1"]
[SourceVersionDate "2021.10.06"]
[SourceQuality "1"]
[WhiteTeam "Waterkant Saal SV"]
[BlackTeam "Rostock SSC 07 III"]
[WhiteTeamCountry "GER"]
[BlackTeamCountry "GER"]

1. d4 Nf6 2. Nf3 g6 3. g3 Bg7 4. Bg2 d6 5. 0-0 0-0 6. c3 Nbd7 7. Nbd2 c6 8. e4 e5 9. dxe5 Nxe5 10. Nxe5 dxe5 11. Nf3 Qc7 12. Qc2 Nh5 13. Be3 f5 14. Qb3+ Kh8 15. Ng5 Qe7 16. Qc4 f4 17. Bc5 Qxg5 18. Bxf8 Bxf8 19. Rad1 Qf6 20. Qe2 Bc5 21. b4 Bb6 22. c4 Bd4 23. g4 Qg5 24. Bf3 Nf6 25. Kh1 Bxg4 26. Rg1 Bxf3+ 27. Qxf3 Qh5 28. Qxh5 Nxh5 29. Rgf1 f3 30. Kg1 Nf4 31. Rd2 Rf8 32. b5 Nh3+ 33. Kh1 Rf4 34. a4 Rxe4 35. c5 cxb5 36. axb5 Bxc5 37. Rd8+ Kg7 38. Rd7+ Kh6 39. Rxb7 Nxf2+ 40. Kg1 Ng4+ 41. Kh1 Re2 0-1

[Event "Mecklenburg VP LL2 Ost 1516"]
[Site "Mecklenburg VP"]
[Date "2016.03.13"]
[Round "7.7"]
[White "Ehmann, Roland"]
[Black "Hausmann, Ulrich"]
[Result "1/2-1/2"]
[WhiteElo "1554"]
[BlackElo "1653"]
[PlyCount "41"]
[EventDate "2015.09.20"]
[EventType "team-tourn"]
[EventRounds "9"]
[EventCountry "GER"]
[SourceTitle "EXT 2022"]
[Source "ChessBase"]
[SourceDate "2021.10.06"]
[SourceVersion "1"]
[SourceVersionDate "2021.10.06"]
[SourceQuality "1"]
[WhiteTeam "Waterkant Saal SV"]
[BlackTeam "Graal Mueritz"]
[WhiteTeamCountry "GER"]
[BlackTeamCountry "GER"]

1. d4 d6 2. Nf3 Bd7 3. g3 e6 4. Bg2 Qc8 5. 0-0 Nc6 6. c4 Nf6 7. Nc3 e5 8. d5 Ne7 9. e4 Ng6 10. Bd2 Be7 11. b4 a6 12. a4 h5 13. Bg5 Bg4 14. Qd2 Bh3 15. Nh4 Nxh4 16. Bxh4 Bxg2 17. Kxg2 Qd7 18. b5 Ng4 19. Bxe7 Qxe7 20. h3 Nf6 21. f4 1/2-1/2

[Event "Mecklenburg VP LL2 Ost 1314"]
[Site "Mecklenburg VP"]
[Date "2013.10.27"]
[Round "1.6"]
[White "Ehmann, Roland"]
[Black "Pochop, Bert"]
[Result "0-1"]
[WhiteElo "1507"]
[BlackElo "1797"]
[PlyCount "86"]
[EventDate "2013.10.27"]
[EventType "team-tourn"]
[EventRounds "9"]
[EventCountry "GER"]
[SourceTitle "EXT 2022"]
[Source "ChessBase"]
[SourceDate "2021.10.06"]
[SourceVersion "1"]
[SourceVersionDate "2021.10.06"]
[SourceQuality "1"]
[WhiteTeam "Waterkant Saal SV"]
[BlackTeam "Wolgast Motor"]
[WhiteTeamCountry "GER"]
[BlackTeamCountry "GER"]

1. d4 d5 2. c4 e6 3. a3 Nf6 4. e3 c5 5. Nf3 Be7 6. Nc3 0-0 7. Be2 dxc4 8. Bxc4 b6 9. 0-0 Bb7 10. Be2 Nbd7 11. dxc5 Nxc5 12. b4 Nce4 13. Bb2 Nxc3 14. Bxc3 Rc8 15. Rc1 Ne4 16. Bd4 Bf6 17. Rxc8 Qxc8 18. Bxf6 Nxf6 19. Qc1 Nd5 20. Nd4 Nc3 21. Bf3 Bxf3 22. Qd2 Ba8 23. Rc1 Qb7 24. f3 Nd5 25. e4 Nf6 26. Nb5 a6 27. Nd6 Qd7 28. Rd1 Rd8 29. Qg5 Bxe4 30. Rd2 Bd5 31. Nc4 Qc7 32. Ne3 h6 33. Qh4 Qc1+ 34. Nf1 Qxa3 35. h3 Rc8 36. Kh2 a5 37. bxa5 Qxa5 38. Rd4 b5 39. Ne3 Qc7+ 40. Kg1 Qc1+ 41. Kf2 Rc3 42. Qf4 b4 43. Rxb4 Qd2+ 0-1

[Event "Mecklenburg VP LL2 Ost 1213"]
[Site "Mecklenburg VP"]
[Date "2013.02.24"]
[Round "6.8"]
[White "Ehmann, Roland"]
[Black "Schubert, Jens"]
[Result "1/2-1/2"]
[WhiteElo "1496"]
[BlackElo "1491"]
[PlyCount "66"]
[EventDate "2012.10.14"]
[EventType "team-tourn"]
[EventRounds "9"]
[EventCountry "GER"]
[SourceTitle "EXT 2022"]
[Source "ChessBase"]
[SourceDate "2021.10.06"]
[SourceVersion "1"]
[SourceVersionDate "2021.10.06"]
[SourceQuality "1"]
[WhiteTeam "Waterkant Saal SV"]
[BlackTeam "Neubrandenburg SV Turbine"]
[WhiteTeamCountry "GER"]
[BlackTeamCountry "GER"]

1. d4 Nf6 2. c4 e6 3. Nc3 Bb4 4. e3 0-0 5. Bd3 d6 6. Nf3 Nbd7 7. 0-0 Bxc3 8. bxc3 e5 9. e4 Re8 10. d5 h6 11. Ba3 b6 12. Nd2 Nc5 13. Bxc5 bxc5 14. f4 exf4 15. Rxf4 Nd7 16. Rf2 Ne5 17. Be2 Rb8 18. Rb1 Bd7 19. Rxb8 Qxb8 20. Qb3 Bg4 21. Bf3 Bxf3 22. gxf3 Nd3 23. Rf1 Qd8 24. Qc2 Qg5+ 25. Kh1 Qe3 26. Nb3 Re5 27. Qd2 Qxd2 28. Nxd2 Nf4 29. Rb1 Ne2 30. Rb7 Rg5 31. h3 Rg1+ 32. Kh2 Rd1 33. Nb1 Rc1 1/2-1/2

[Event "Mecklenburg VP LL2 Ost 1213"]
[Site "Mecklenburg VP"]
[Date "2012.11.11"]
[Round "2.8"]
[White "Tabbert, Dirk"]
[Black "Ehmann, Roland"]
[Result "1/2-1/2"]
[WhiteElo "1607"]
[BlackElo "1496"]
[PlyCount "38"]
[EventDate "2012.10.14"]
[EventType "team-tourn"]
[EventRounds "9"]
[EventCountry "GER"]
[SourceTitle "EXT 2022"]
[Source "ChessBase"]
[SourceDate "2021.10.06"]
[SourceVersion "1"]
[SourceVersionDate "2021.10.06"]
[SourceQuality "1"]
[WhiteTeam "Bergen Rugia"]
[BlackTeam "Waterkant Saal SV"]
[WhiteTeamCountry "GER"]
[BlackTeamCountry "GER"]

1. c4 e5 2. Nc3 Bc5 3. g3 Nf6 4. Bg2 d6 5. h3 0-0 6. d3 h6 7. e4 Nc6 8. Nge2 Nd4 9. 0-0 a6 10. Kh2 Nh7 11. f4 f5 12. exf5 Nxf5 13. fxe5 dxe5 14. Be4 Ng5 15. Bd5+ Ne6 16. Ne4 Ne3 17. Rxf8+ Qxf8 18. Bxe3 Bxe3 19. Qf1 c6 1/2-1/2

[Event "Mecklenburg VP LL2 Ost 1112"]
[Site "Mecklenburg VP"]
[Date "2011.12.11"]
[Round "4.8"]
[White "Ernst, Mathias"]
[Black "Ehmann, Roland"]
[Result "1-0"]
[WhiteElo "1621"]
[BlackElo "1486"]
[PlyCount "123"]
[EventDate "2011.10.02"]
[EventType "team-tourn"]
[EventRounds "9"]
[EventCountry "GER"]
[SourceTitle "EXT 2022"]
[Source "ChessBase"]
[SourceDate "2021.10.06"]
[SourceVersion "1"]
[SourceVersionDate "2021.10.06"]
[SourceQuality "1"]
[WhiteTeam "Rostock HSG Uni"]
[BlackTeam "Waterkant Saal SV"]
[WhiteTeamCountry "GER"]
[BlackTeamCountry "GER"]

1. e4 e5 2. Nf3 Nc6 3. Bb5 Nf6 4. 0-0 Bc5 5. Nc3 0-0 6. d3 d6 7. h3 h6 8. Ne2 a6 9. Ba4 Bd7 10. c3 Ba7 11. Ng3 b5 12. Bc2 Nh7 13. d4 exd4 14. cxd4 Nb4 15. Bb1 Nc6 16. Qd3 Nb4 17. Qc3 Nc6 18. Nf5 Bxf5 19. exf5 Qd7 20. Be3 Nf6 21. Rc1 Ne7 22. Qxc7 Rac8 23. Qxd7 Rxc1+ 24. Bxc1 Nxd7 25. Bf4 Bb8 26. a4 b4 27. Bd3 a5 28. Rc1 Rc8 29. Rxc8+ Nxc8 30. Nd2 Ba7 31. Nc4 Bxd4 32. b3 Nc5 33. Bc2 Nb7 34. Kf1 f6 35. Be4 Nc5 36. Bd5+ Kf8 37. Nxa5 Be5 38. Bxe5 dxe5 39. Nc6 Nb6 40. Nxb4 Ke7 41. a5 Nc8 42. Nc2 Kd6 43. Bc4 Na7 44. Ke2 Ne4 45. b4 Kc6 46. Ke3 Nd6 47. Be6 Kb5 48. Kd3 Ka4 49. Bd7+ Kb3 50. f3 Ndb5 51. Be6+ Kb2 52. Ne3 Ka3 53. Kc4 Nd4 54. Kc5 Nab5 55. a6 Na7 56. Nc4+ Ka4 57. Bd7+ Kb3 58. Na5+ Kc3 59. Nc6 Naxc6 60. Bxc6 Nb3+ 61. Kb6 Kxb4 62. a7 1-0

[Event "Mecklenburg VP LL2 Ost 1112"]
[Site "Mecklenburg VP"]
[Date "2011.10.02"]
[Round "1.8"]
[White "Ehmann, Roland"]
[Black "Buenz, Heinrich"]
[Result "0-1"]
[WhiteElo "1486"]
[BlackElo "1678"]
[PlyCount "54"]
[EventDate "2011.10.02"]
[EventType "team-tourn"]
[EventRounds "9"]
[EventCountry "GER"]
[SourceTitle "EXT 2022"]
[Source "ChessBase"]
[SourceDate "2021.10.06"]
[SourceVersion "1"]
[SourceVersionDate "2021.10.06"]
[SourceQuality "1"]
[WhiteTeam "Waterkant Saal SV"]
[BlackTeam "Neubrandenburg SG Eintracht II"]
[WhiteTeamCountry "GER"]
[BlackTeamCountry "GER"]

1. d4 Nf6 2. c4 e6 3. Nc3 Be7 4. e4 d6 5. f4 0-0 6. Nf3 b6 7. Bd3 Ne8 8. 0-0 f5 9. e5 Bb7 10. a3 c5 11. d5 dxe5 12. Nxe5 exd5 13. cxd5 Bxd5 14. Nxd5 Nd6 15. Nxe7+ Qxe7 16. Re1 Qf6 17. Bxf5 Qxf5 18. Qd5+ Nf7 19. Qxf7+ Rxf7 20. Nxf7 Kxf7 21. Bd2 Nc6 22. Bc3 Rd8 23. Re3 Rd3 24. Re2 Qd7 25. Kf2 Nd4 26. Re5 Nb5 27. Rae1 Nxc3 0-1

[Event "Mecklenburg VP LL2 Ost 1011"]
[Site "Mecklenburg VP"]
[Date "2011.02.28"]
[Round "7.8"]
[White "Ehmann, Roland"]
[Black "Wolski, Gunther"]
[Result "1-0"]
[WhiteElo "1441"]
[BlackElo "1489"]
[PlyCount "95"]
[EventDate "2010.10.10"]
[EventType "team-tourn"]
[EventRounds "9"]
[EventCountry "GER"]
[SourceTitle "EXT 2022"]
[Source "ChessBase"]
[SourceDate "2021.10.06"]
[SourceVersion "1"]
[SourceVersionDate "2021.10.06"]
[SourceQuality "1"]
[WhiteTeam "Waterkant Saal SV"]
[BlackTeam "Warnemuende SF Ostsee II"]
[WhiteTeamCountry "GER"]
[BlackTeamCountry "GER"]

1. d4 Nf6 2. c4 g6 3. e3 Bg7 4. f4 d6 5. Nf3 c6 6. Be2 0-0 7. Nc3 Bf5 8. 0-0 Re8 9. Ng5 Qc8 10. e4 Bg4 11. e5 Bxe2 12. Qxe2 Nfd7 13. Nxf7 Kxf7 14. e6+ Kg8 15. d5 Nf6 16. f5 cxd5 17. cxd5 Qc5+ 18. Be3 Qb4 19. Rf4 Qa5 20. Ra4 Qd8 21. fxg6 hxg6 22. Qd3 Rf8 23. Qxg6 Qe8 24. Qxe8 Rxe8 25. Rxa7 Rxa7 26. Bxa7 Na6 27. a3 Ng4 28. h3 Ne5 29. Bd4 Nf3+ 30. gxf3 Bxd4+ 31. Kg2 Rf8 32. Rd1 Be5 33. Rd2 Rc8 34. Ne4 Nc5 35. Rc2 Rc7 36. Nxc5 Rxc5 37. Rxc5 dxc5 38. b3 Kg7 39. Kf2 Bf4 40. Ke2 Kf6 41. Kd3 b5 42. a4 bxa4 43. bxa4 Bc7 44. Kc4 Bb6 45. h4 Kg6 46. Kb5 Ba7 47. h5+ Kg7 48. h6+ 1-0